Normal view
MARC view
- الايجار -- تلوث البيئة في القانون -- المسؤولية المدنية
Entry Topical Term
001 - CONTROL NUMBER
- control field: 46593
003 - CONTROL NUMBER IDENTIFIER
- control field: JO-AjAnu
005 - DATE AND TIME OF LATEST TRANSACTION
- control field: 20230606081711.0
008 - FIXED-LENGTH DATA ELEMENTS
- fixed length control field: 230606|| aca||aabn | a|a d
040 ## - CATALOGING SOURCE
- Original cataloging agency: JO-AjAnu
- Transcribing agency: JO-AjAnu
150 ## - HEADING--TOPICAL TERM
- Topical term or geographic name entry element: الايجار -- تلوث البيئة في القانون -- المسؤولية المدنية
670 ## - SOURCE DATA FOUND
- Source citation: Work cat.: (JO-AjAnu)23849: رمضان ، محمد أحمد , author 46592, المسؤولية المدنية عن الاصرار في بيئة الجوار